[Event "Olympiad-44"]
[Site "Chennai"]
[Date "2022.08.08"]
[Round "10.4"]
[White "Zaw, Ye Htut"]
[Black "Rafael, Chirinza"]
[Result "0-1"]
[WhiteElo "1255"]
[BlackElo "1725"]
[PlyCount "90"]
[EventDate "2022.07.29"]
[EventType "team-swiss"]
[EventRounds "11"]
[EventCountry "IND"]
[SourceTitle "CBM 210"]
[Source "ChessBase"]
[SourceDate "2022.10.31"]
[SourceVersion "1"]
[SourceVersionDate "2022.10.31"]
[SourceQuality "1"]
[WhiteTeam "Myanmar"]
[BlackTeam "Mozambique"]
[WhiteTeamCountry "MYA"]
[BlackTeamCountry "MOZ"]

1. e4 c6 2. d4 d5 3. exd5 cxd5 4. Bd3 Nc6 5. c3 Nf6 6. Bf4 e6 7. Nf3 Bd6 8. Bxd6 Qxd6 9. Nbd2 a6 10. 0-0 0-0 11. Re1 b5 12. Ne5 Bb7 13. Nb3 Ra7 14. Nc5 Ne7 15. a4 bxa4 16. Rxa4 Rfa8 17. Qe2 a5 18. Rea1 Qb6 19. b3 Nc8 20. R1a3 Nd6 21. f3 Bc6 22. Nxc6 Qxc6 23. Qa2 Nb7 24. Nxb7 Rxb7 25. Rxa5 Rab8 26. Rc5 Qd6 27. Ra8 g6 28. Qa3 Kg7 29. Rxb8 Qxb8 30. b4 Qf4 31. Qa6 Qe3+ 32. Kf1 Re7 33. Be2 e5 34. Qd3 Qc1+ 35. Qd1 Qe3 36. dxe5 Rxe5 37. Rc6 Nh5 38. g3 Kh6 39. b5 f5 40. Qd3 Qc1+ 41. Kg2 Qe1 42. Bd1 f4 43. Bc2 Re2+ 44. Kh3 Rxh2+ 45. Kxh2 Qf2+ 0-1